Implementation of strategic performance management in automotive industry

Enregistré dans:
Détails bibliographiques
Auteur principal: Štofová, Lenka, 1989-
Format: Chapitre de livre
Langue:anglais
Tags: Ajouter un tag
Pas de tags, Soyez le premier à ajouter un tag!

MARC

LEADER 00000nla a2200000 4500
001 0221155
005 20240502073631.8
041 0 |a eng 
044 |a SK 
245 1 0 |a Implementation of strategic performance management in automotive industry  |c Lenka Štofová 
500 |a Abstrakt 
100 1 |a Štofová, Lenka, 1989-